| 000 | 00927cab a2200301 4500 | ||
|---|---|---|---|
| 001 | ABS57242 | ||
| 008 | 090401t1997 xxu||||| |||| 00| 0 eng d | ||
| 035 | _a(Sirsi) u98548 | ||
| 041 | _aeng | ||
| 100 | _aNissen, A. | ||
| 245 | 4 | _aThe duty to review a design - is it real or artificial? | |
| 260 | _c1997 | ||
| 350 | _a0 | ||
| 490 |
_aConstruction Law Journal _v13(4) 1997, 221-226(7) |
||
| 520 | _aExamines the nature and extent of an architect`s or engineer`s duty to review their design during the construction phase, relating case law. | ||
| 650 | _aARCHITECTS | ||
| 650 | _aBUILT ENVIRONMENT-CONSTRUCTION DESIGN | ||
| 650 | _aDEFECTIVE DESIGN LIABILITIES | ||
| 650 | _aDESIGN | ||
| 650 | _aDRAWINGS | ||
| 650 | _aDUTY OF CARE | ||
| 650 | _aDUTY TO REVIEW | ||
| 650 | _aENGINEERS | ||
| 650 | _aSUPERVISION | ||
| 690 | _aBUILT ENVIRONMENT-CONSTRUCTION DESIGN | ||
| 942 | _n0 | ||
| 948 | _c15/07/1997 | ||
| 999 |
_c59905 _d59905 |
||